000 01258nam a2200349 i 4500
001 13271
003 KOSZ 005
005 20190830133915.0
008 091007s1967 pl a f f 000 0 pol
015 _aPB 1967/4148
035 _a(OCoLC)750926699
040 _aWA N
_cWA N
_dKOSZ 005/KK
_dKOSZ 005/HR
046 _k1967
080 _a620.9:338.98:711
100 1 _aFilipowicz, Jerzy
_d(1922-2001).
_eAutor.
245 1 0 _aEnergetyka w planowaniu urbanistycznym /
_cJerzy Filipowicz, Janusz Rosada.
260 _aWarszawa :
_b"Arkady",
_c1967.
300 _a315, [1] stron., [3] karty. tablice. :
_bilustracje. ;
_c23 cm.
336 _2rdacontent
_aTekst
_btxt
337 _2rdamedia
_aBez urządzenia pośredniczącego
_bn
338 _2rdacarrier
_aWolumin
_bnc
380 _aKsiążki.
504 _aBibliografia na stronach 313-[316].
521 8 _aDla urbanistów i energetyków oraz dla studentów.
658 _aInżynieria i technika
655 4 _aPodręczniki akademickie
650 4 _aPlanowanie przestrzenne
650 4 _aEnergetyka
710 2 _aWydawnictwo "Arkady".
_4pbl.
856 _uhttp://koha.tu.koszalin.pl/cgi-bin/koha/opac-detail.pl?biblionumber=13271
_yKatalog online BPK
942 _2UKD
_cKS
999 _c13271
_d13271